| 000 | 01101nam a22002057a 4500 | ||
|---|---|---|---|
| 003 | BD-DhUL | ||
| 005 | 20170301155244.0 | ||
| 008 | 170301b2009 b a|||| m||| 00| 0 b d | ||
| 040 |
_aBD-DhUL _cBD-DhUL |
||
| 082 |
_a891.44 _bISB |
||
| 100 | 1 | _aনজরুল ইসলাম | |
| 245 | 1 | 0 |
_aবিভাগোত্তর বাংলা কথা-সাহিত্যে প্রতিফলিত সামাজিক-অর্থনৈতিক বাস্তবতা / _cনজরুল ইসলাম _h[অভিসন্দর্ভ এমফিল] |
| 260 |
_aঢাকা : _bঢাকা বিশ্ববিদ্যালয়, _c২০০৯. |
||
| 300 |
_a১৭৮ পৃ. ; _c৩০ সে.মি. |
||
| 500 | _aঅভিসন্দর্ভ (এম.ফিল.)-- বাংলা বিভাগ, ঢাকা বিশ্ববিদ্যালয়,২০০৯। | ||
| 504 | _aগ্রন্থপঞ্জিগত তথ্য সংবলিত। | ||
| 650 | 4 | _aবাংলা সাহিত্য | |
| 650 | 4 | _aBangla Literature | |
| 942 |
_2ddc _cREF |
||
| 999 |
_c159229 _d159229 |
||